Micromotives and macrobehavior / (Record no. 26990)
[ view plain ]
| 000 -LEADER | |
|---|---|
| fixed length control field | 01941cam a22004095a 4500 |
| 001 - CONTROL NUMBER | |
| control field | 14832884 |
| 005 - DATE AND TIME OF LATEST TRANSACTION | |
| control field | 20181114113351.0 |
| 008 - FIXED-LENGTH DATA ELEMENTS--GENERAL INFORMATION | |
| fixed length control field | 070503t2006 nyua frb 001 0 eng d |
| 010 ## - LIBRARY OF CONGRESS CONTROL NUMBER | |
| LC control number | 2007617724 |
| 020 ## - INTERNATIONAL STANDARD BOOK NUMBER | |
| International Standard Book Number | 0393329461 (pbk.) |
| 020 ## - INTERNATIONAL STANDARD BOOK NUMBER | |
| International Standard Book Number | 9780393329469 (pbk.) |
| 035 ## - SYSTEM CONTROL NUMBER | |
| System control number | (OCoLC)ocm72865980 |
| 040 ## - CATALOGING SOURCE | |
| Original cataloging agency | ORX |
| Language of cataloging | eng |
| Transcribing agency | ORX |
| Modifying agency | BAKER |
| -- | UAB |
| -- | YDXCP |
| -- | NPL |
| -- | LMR |
| -- | DLC |
| -- | EG-ScBUE |
| 042 ## - AUTHENTICATION CODE | |
| Authentication code | lccopycat |
| 082 04 - DEWEY DECIMAL CLASSIFICATION NUMBER | |
| Classification number | 301.113 |
| Item number | SCH |
| Edition number | 22 |
| 100 1# - MAIN ENTRY--PERSONAL NAME | |
| Personal name | Schelling, Thomas C., |
| Dates associated with a name | 1921-2016. |
| 9 (RLIN) | 41930 |
| 245 10 - TITLE STATEMENT | |
| Title | Micromotives and macrobehavior / |
| Statement of responsibility, etc | Thomas C. Schelling. |
| 250 ## - EDITION STATEMENT | |
| Edition statement | New ed., with a new preface and the Nobel Lecture. |
| 260 ## - PUBLICATION, DISTRIBUTION, ETC. (IMPRINT) | |
| Place of publication, distribution, etc | New York ; |
| -- | London : |
| Name of publisher, distributor, etc | W. W. Norton & Company, |
| Date of publication, distribution, etc | c.2006. |
| 300 ## - PHYSICAL DESCRIPTION | |
| Extent | 270 p. : |
| Other physical details | ill. ; |
| Dimensions | 21 cm. |
| 490 0# - Series Statement | |
| Series statement | Fels lectures on public policy analysis |
| 500 ## - GENERAL NOTE | |
| General note | "New edition"--P. 3. |
| 504 ## - BIBLIOGRAPHY, ETC. NOTE | |
| Bibliography, etc | Includes bibliographical references and index. |
| 505 0# - FORMATTED CONTENTS NOTE | |
| Formatted contents note | Preface to the New Edition --<br/>Acknowledgments --<br/>1. Micromotives and macrobehavior --<br/>2. The inescapable mathematics of musical chairs --<br/>3. Thermostats, lemons, and other families of models --<br/>4. Sorting and mixing : race and sex --<br/>5. Sorting and mixing : age and income --<br/>6. Choosing our children's genes --<br/>7. Hockey helmets, daylight saving, and other binary choices --<br/>8. An astonishing sixty years : the legacy of Hiroshima (the Nobel lecture) --<br/>Index. |
| 520 ## - SUMMARY, ETC. | |
| Summary, etc | Before Freakonomics and The Tipping Point there was this classic by the 2005 Nobel Laureate in Economics. |
| 586 ## - AWARDS NOTE | |
| Awards note | Nobel prize. |
| 650 #7 - SUBJECT ADDED ENTRY--TOPICAL TERM | |
| Topical term or geographic name as entry element | Policy sciences. |
| Source of heading or term | BUEsh |
| 9 (RLIN) | 13225 |
| 650 #7 - SUBJECT ADDED ENTRY--TOPICAL TERM | |
| Topical term or geographic name as entry element | Choice (Psychology) |
| Source of heading or term | BUEsh |
| 650 #7 - SUBJECT ADDED ENTRY--TOPICAL TERM | |
| Topical term or geographic name as entry element | Social choice. |
| Source of heading or term | BUEsh |
| 650 #7 - SUBJECT ADDED ENTRY--TOPICAL TERM | |
| Topical term or geographic name as entry element | Collective behavior. |
| Source of heading or term | BUEsh |
| 650 #7 - SUBJECT ADDED ENTRY--TOPICAL TERM | |
| Topical term or geographic name as entry element | Social problems. |
| Source of heading or term | BUEsh |
| 651 ## - SUBJECT ADDED ENTRY--GEOGRAPHIC NAME | |
| Source of heading or term | BUEsh |
| 653 ## - INDEX TERM--UNCONTROLLED | |
| Resource For college | BAEPS, Economics |
| Arrived date list | November2018 |
| 655 ## - INDEX TERM--GENRE/FORM | |
| Form subdivision | Reading book |
| 856 41 - ELECTRONIC LOCATION AND ACCESS | |
| Materials specified | Table of contents only |
| Uniform Resource Identifier | <a href="http://www.loc.gov/catdir/toc/fy0710/2007617724.html">http://www.loc.gov/catdir/toc/fy0710/2007617724.html</a> |
| 942 ## - ADDED ENTRY ELEMENTS (KOHA) | |
| Source of classification or shelving scheme | Dewey Decimal Classification |
| Withdrawn status | Item status | Source of classification or shelving scheme | Damaged status | Not for loan | Vendor | Home library | Current library | Shelving location | Date acquired | Source of acquisition | Cost, normal purchase price | Total Checkouts | Full call number | Barcode | Date last seen | Koha item type |
|---|---|---|---|---|---|---|---|---|---|---|---|---|---|---|---|---|
| Dewey Decimal Classification | Baccah | Central Library | Central Library | First floor | 14/11/2018 | Purchase | 350.00 | 301.113 SCH | 000043918 | 15/07/2025 | Book - Borrowing |